Statistics for Main Parts of the U.S. Budget

Click here to take the quiz!

General Stats

  • This quiz has been taken 7,586 times
  • The average score is 3 of 8

Answer Stats

%$Segment% Correct
15.3653 bilDefense
99%
20.1859 bilSocial Security
45%
13.8588 bilMedicare
37%
9.4404 bilMedicaid
29%
7.4315 bilInterest on the Debt
22%
4.2178 bilVeterans Affairs
13%
3.3140 bilFederal Employee Pension
12%
4.8205 bilDisability + SSI
7%

Score Distribution

Percentile by Number Answered

Percent of People with Each Score

Your Score History

You have not taken this quiz